|
|
|
|
| LEADER |
00000nam0a2200000 4500 |
| 001 |
377281 |
| 005 |
20231102012911.0 |
| 035 |
|
|
|a (RuTPU)RU\TPU\retro\34730
|
| 090 |
|
|
|a 377281
|
| 100 |
|
|
|a 20230216d1971 km y0rusy50 ca
|
| 101 |
0 |
|
|a rus
|
| 102 |
|
|
|a RU
|
| 105 |
|
|
|a y z 001zy
|
| 200 |
1 |
|
|a Приговор веков (Из истории политических процессов на Западе)
|f Е. Б. Черняк
|
| 210 |
|
|
|a Москва
|c Мысль
|d 1971
|
| 215 |
|
|
|a 437 с.
|
| 320 |
|
|
|a Библиогр.: с. 428-435
|
| 606 |
1 |
|
|a Судебные процессы
|x История
|2 stltpush
|3 (RuTPU)RU\TPU\subj\64975
|9 81640
|
| 610 |
1 |
|
|a политические процессы
|
| 610 |
1 |
|
|a Европа
|
| 610 |
1 |
|
|a Америка
|
| 610 |
1 |
|
|a право
|
| 610 |
1 |
|
|a юридическая практика
|
| 686 |
|
|
|a Т3(0)
|v LBC/SL-A
|2 rubbk
|
| 700 |
|
1 |
|a Черняк
|b Е. Б.
|c российский историк-англовед
|f 1923-
|g Ефим Борисович
|2 stltpush
|3 (RuTPU)RU\TPU\pers\19298
|9 7364
|
| 801 |
|
1 |
|a RU
|b 63413507
|c 20230216
|
| 942 |
|
|
|c BK
|